000 00644nam a2200277Ia 4500
005 20260324143640.0
008 008 260324s9999 xx 000 0 eng d
020 _a9781315487458
037 _aEBOOK
040 _aCRL
040 _beng
040 _cCRL
041 _2eng
041 _aeng
084 _qCRL
100 _aRobert A. Solo
_91214972
245 4 _aThe Philosophy of Science and Economics
260 _bTaylor and Francis
260 _c1991
365 _a
365 _b59.99
856 _uhttp://www.taylorfrancis.com/books/9781315487458
942 _cEBOOK
999 _c1822053
_d1822053